02171cam a2200457 a 4500001001300000003000600013005001700019008004100036010001700077020002800094020003100122035002000153040015200173050001700325082001200342100010100354245007800455250001200533260004900545300002900594336002600623337002800649338002700677500002000704520022500724648002700949650006200976650007001038650006501108650004101173650004201214655002701256655003601283655003801319655003501357700009901392758014801491942001201639948004501651999001701696ocm39448367 OCoLC20241031160338.0980708s1998 mau f 001 0 eng d a 97074960  a0312154577q(paperback) a9780312154578q(paperback) a(OCoLC)39448367 aZNLbengcZNLdOCLdOCLCQdBAKERdYDXCPdOCLCGdOCLCAdOCLCQdOCLCOdOCLCFdOCLCQdOCLCOdAKACCdOCLdI8MdOCLCQdOCLCOdOCLCQdOCLCOdOCLCQdOCLCL 4aPE1408b.H1104a808.0421 aHacker, Diana,d1942-2004.1https://id.oclc.org/worldcat/entity/E39PBJmDrj4p9ccPg7R9cXrg8C9115910aBedford basics :ba workbook for writers /cDiana Hacker, Wanda Van Goor. a3rd ed. aBoston :bBedford/St. Martin's Press,c1998. axvii, 435 pages ;c28 cm atextbtxt2rdacontent aunmediatedbn2rdamedia avolumebnc2rdacarrier aIncludes index. aProvides instruction on various aspects of the writing process, from from word choice and sentence structure to punctuation and grammar. Contains review exercises that allow readers to put the book's lessons into action. 7aSince 19502fast92262 0aEnglish languagexRhetoricvHandbooks, manuals, etc.9168 0aEnglish languagexGrammary1950-vHandbooks, manuals, etc.946470 6aAnglais (Langue)xRhïż½etoriquevGuides, manuels, etc.91160 7aEnglish languagexGrammar2fast9166 7aEnglish languagexRhetoric2fast9158 7ahandbooks.2aat910221 7aHandbooks and manuals2fast935 7aHandbooks and manuals.2lcgft935 7aGuides et manuels.2rvmgf92981 aVan Goor, Wanda,d1927-1https://id.oclc.org/worldcat/entity/E39PCjxPG9VVbTHPTdpwpMtHYP944324 ihas work:aBedford basics (Text)1https://id.oclc.org/worldcat/entity/E39PCGjWM6Xk3jyyTwDRxV4C8K4https://id.oclc.org/worldcat/ontology/hasWork 2lcccBK hNO HOLDINGS IN GHUCC - 34 OTHER HOLDINGS c51487d51487